000 00480nam a2200145Ia 4500
008 100415s9999 xx 000 0 und d
082 _b19722
_a584.15
100 _aSIVAPRASAD P.S.
245 _aOrchids : the Jewels of Nilgiris: FOR REFERENCE ONLY
260 _aTAMIL NADU
_c2000
_bTAMILNADU FOREST DEPARTMENT
365 _b0
630 _aOrchids : the Jewels of Nilgiris: FOR REFERENCE ONLY
730 _aOrchids : the Jewels of Nilgiris: FOR REFERENCE ONLY
942 _cBOOK
999 _c602619
_d602616